000
00288nam a2200109Ia 4500
008
190914s9999||||xx |||||||||||||| ||und||
100
_a
Muhammad Ali Mazidi
245
0
_a
PIC Microcontroller and Embedded Systems
260
_a
India
_b
Tata McGraw Hill
_c
2001
300
_a
2004
942
_c
BK
999
_c
9359
_d
9359